| 000 | 00397cam a2200169ua 4500 | ||
|---|---|---|---|
| 020 | _c2.50 | ||
| 041 |
_ahin _h |
||
| 082 |
_a891.43 _bRAM/RA |
||
| 100 | _aRamdhari Singh, Dinakar. | ||
| 245 |
_aRasvanthi / _cRamdhari Singh Dinakar. _hTextual Documents |
||
| 260 |
_a : _bUdyachal , _c1955. |
||
| 300 | _a127 ; . | ||
| 365 | _a2.50 | ||
| 504 | _a | ||
| 942 | _cBK | ||
| 999 |
_c11485 _d11485 |
||